Diseños artesanos y naturales : (Registro nro. 13021)
[ vista simple ]
| 000 -LIDER | |
|---|---|
| fixed length control field | 00987nam a22002537a 4500 |
| 003 - IDENTIFICACDOR DE NÚMERO DE CONTROL | |
| control field | DO-SdBNP |
| 005 - DATE AND TIME OF LATEST TRANSACTION | |
| control field | 20171129084240.0 |
| 008 - ELEMENTOS DE LONGITUD FIJA | |
| fixed length control field | 161031b 1998 sp ac 00| 0 spa d |
| 020 ## - ISBN | |
| International Standard Book Number | 8476306601 |
| 040 ## - FUENTE DE CATALOGACIÓN | |
| Agencia que crea de manera original el registro | BPMSU |
| Idioma de catalogación | spa |
| Agencia que realiza la transcripción | BPMSU |
| 082 ## - NÚMERO DE CLASIFICACIÓN DECIMAL DE DEWEY | |
| Classification number | xxxx |
| Item number | xxxx |
| 100 ## - ASIENTO PRINCIPAL -- NOMBRE PERSONAL | |
| Nombre personal | Moore, Terence |
| 240 1# - TITULO UNIFORME | |
| Título uniforme | Country designs from nature / |
| 245 10 - MENCIÓN DE TITULO | |
| Título | Diseños artesanos y naturales : |
| Subtítulo | arreglos creativos de flores, plantas y hojas / |
| Mención de responsabilidad | Terence Moore ; fotografías Michelle Garrett |
| 260 ## - PUBLICACIÓN, DISTRIBUCIÓN, ETC. (PIE DE IMPRENTA) | |
| Lugar de publicación, distribución, etc | Madrid : |
| Nombre del editor, distribuidor, etc. | LIBSA, |
| Fecha de publicación, distribución, etc | 1998. |
| 300 ## - DESCRIPCIÓN FÍSICA | |
| Extensión | 160 p. : |
| Otros detalles físicos | il., retr. |
| Dimensiones | 30 cm. |
| 500 ## - NOTA GENERAL | |
| Nota general | Incluye datos biográficos del autor y el fotógrafo. |
| 505 1# - NOTA DE CONTENIDO | |
| Título | Técnicas -- |
| -- | Primavera -- |
| -- | Verano -- |
| -- | Otoño -- |
| -- | Invierno -- |
| -- | Navidad -- |
| -- | Bodas -- |
| -- | Regalos -- |
| -- | Herramientas y materiales -- |
| -- | Consejos -- |
| -- | Índice -- |
| 700 1# - ASIENTO SECUNDARIO -- NOMBRE PERSONAL | |
| Nombre personal | Garrett, Michelle |
| Mención de responsabilidad | fot. |
| 910 ## - VALIDACIÓN | |
| Validación | 000144 |
| 942 ## - ADDED ENTRY ELEMENTS (KOHA) | |
| Source of classification or shelving scheme | Dewey Decimal Classification |
| Koha item type | Libros |
| 945 ## - INFORMACIÓN DE PROCESAMIENTO LOCAL | |
| Información de procesamiento local | Inventariado extranjero / 2017 BT |
| 956 ## - LOCAL ELECTRONIC LOCATION AND ACCESS (OCLC) | |
| Método de acceso | YLOCKWARD |
| Materiales especificados | 10 |
| Campo enlazado y núm. de secuencia | BPMSU |
| Nombre de host | Yngrid Lockward |
| Withdrawn status | Lost status | Source of classification or shelving scheme | Damaged status | Not for loan | Collection code | Home library | Current library | Date acquired | Source of acquisition | Cost, normal purchase price | Total Checkouts | Full call number | Barcode | Date last seen | Price effective from | Koha item type |
|---|---|---|---|---|---|---|---|---|---|---|---|---|---|---|---|---|
| Dewey Decimal Classification | Colección General | Biblioteca Pública Metropolitana Salomé Ureña | Biblioteca Pública Metropolitana Salomé Ureña | 11/22/2017 | Compra | 150.00 | xxxx xxxx | BPMSU17110338 | 11/22/2017 | 11/22/2017 | Libros |